000 01545nam a2200373 a 4500
001 00128
003 DO-SdBNP
005 20180309093154.0
007 00128
008 160331b dr 2008 ||||| |||| 00| 0 spa d
020 _a9789945111927 (v.1) Guía
020 _a9789945112573 (v. 1) Cuaderno
040 _aBPMSU
_bspa
_cBPMSU
092 _a372.7
_bS237m , 3ro , 2008
100 1 _aSantos, Altagracia
245 1 0 _aMatemáticas 1 :
_beducación básica /
_cAltagracia Santos ; dirección editorial Obdulia García de Escobar ; Andrés Molina Maloon
260 _aSanto Domingo :
_bSantillana,
_c2008.
300 _a2 v
_bil., retrs. ;
_c30 cm.
_e+ CD-ROM
490 1 _aCoral
500 _aLa biblioteca posee la guía y el cuaderno
505 0 _gv. 2. - Guía.
_tUnidades de millar --
_tSuma y resta --
_tLa multiplicación --
_tLa división --
_tDecenas de millar --
_tLas fracciones --
_tUnidades de longitud --
_tEl tiempo y su medida --
_tÁrea --
_tÁngulo --
_tFiguras y cuerpos --
_tOtras medidas
505 0 _g v. 3. Cuaderno
650 4 _aMATEMÁTICAS
_xENSEÑANZA ELEMENTAL
650 4 _aEDUCACIÓN PRIMARIA
_zREPÚBLICA DOMINICANA
650 4 _aMATEMÁTICAS
_xESTUDIOS Y EJERCICIOS
700 1 _aGarcía de Escobar, Obdulia,
_edir. ed.
700 1 _aMolina Maloon, Andrés,
_eed.
830 0 _aCoral
910 _aValidado. Control de calidad MFF
942 _2ddc
_cBK
945 _aRemanejado para la BNPHU / 2018 VM
956 _aVMATEO
_b10
_c20150706
_lBPMSU
_h00151
956 _aBTAVÁREZ
_b10
_c20160410
_lBPMSU
_h00127
999 _c9475
_d9475